01279nab a22002057a 4500003000400000005001700004008004100021040000700062100003000069245028600099300001500385505034600400505007200746650002300818650002300841650002800864650004600892650003200938773010300970OSt20260109025508.0190514b xxu||||| |||| 00| 0 spa d cPJ aPrevetti García, Mayra 13aLa suspensión del ejercicio de la responsabilidad parental como medida de protección integral :banálisis desde la perspectiva de género sobre la tutela efectiva de los derechos de niños, niñas, adolescentes y mujeres víctimas de violencia /cMayra Prevetti García. ap. 160-165 aSumario: I. Introducción.— II. La suspensión del ejercicio de la responsabilidad parental.— III. Sanción de la ley 27.363: necesaria incorporación de la perspectiva de género.— IV. La implementación del inc. e) del art. 702 del Cód. Civ. y Com. en procesos de familia.— V. Estrategias para evitar la revictimización.  tSi te interesa el texto, comunicate a koha@justierradelfuego.gov.ar 0aDERECHO DE FAMILIA 0aVIOLENCIA FAMILIAR 0aPERSPECTIVA DE GÉNERO 0aSUSPENSION DE LA RESPONSABILIDAD PARENTAL 0aINTERES SUPERIOR DEL NIÑO0 02844dBuenos Aires : AbeledoPerrot, 1989-tDerecho de familia. N° 121 - Septiembre 2025z18511201